Political sociology : (Record no. 78137)

MARC details
000 -LEADER
fixed length control field 00644nam a22002057a 4500
005 - DATE AND TIME OF LATEST TRANSACTION
control field 20130913144841.0
010 ## - LCCN (DPL NO)
LC control number ENG-108174
020 ## - INTERNATIONAL STANDARD BOOK NUMBER
International Standard Book Number 9789380261737
Terms of availability 195.00
035 ## - SYSTEM CONTROL NUMBER
System control number EN-91707
037 ## - SOURCE OF ACQUISITION
Source of stock number/acquisition DBAD/PUB
082 ## - DEWEY DECIMAL CLASSIFICATION NUMBER
Classification number 306.2
100 ## - MAIN ENTRY--PERSONAL NAME
Personal name Baruah, Munin
245 10 - TITLE STATEMENT
Title Political sociology :
Statement of responsibility, etc by Munin Baruah [and] Pankaj Borah
Remainder of title theories and concepts /
260 ## - PUBLICATION, DISTRIBUTION, ETC. (IMPRINT)
Place of publication, distribution, etc Guwahati
Name of publisher, distributor, etc EBH Publishers
Date of publication, distribution, etc 2012
270 ## - ADDRESS
Address 136,M.L.Nehru Road, Panbazar
City Guwahati
Postal code 781001
300 ## - PHYSICAL DESCRIPTION
Extent 179p.
Dimensions 18cm(pbk)
500 ## - GENERAL NOTE
General note Includes bibliographical references and index
700 ## - ADDED ENTRY--PERSONAL NAME
Personal name Borah, Pankaj
942 ## - ADDED ENTRY ELEMENTS (KOHA)
Source of classification or shelving scheme Dewey Decimal Classification
Item type English Books
Call number suffix BAR
Classification part 306.2
Holdings
Withdrawn status Lost status Not for loan Collection code Home library Current library Date acquired Source of acquisition Cost, normal purchase price Full call number Barcode Copy number Cost, replacement price Koha item type
    Not For Loan Non-fiction D.B.Act.Division D.B.Act.Division 29/07/2013 DBAD / PUB 195.00 306.2 BAR EN-91707 1 195.00 English Books

© Delhi Public Library
Hit Counter
free hit counter